• 首页
  • 本馆介绍
  • 公告通知
  • 最新文献
  • 馆藏检索
  • 电子资源
  • 读者导购
  • 参考咨询
  • 我的图书馆
  • 登录
  • 详细信息显示
  • 放入我的书架
  • 预约/预借图书
  • 作者相关作品
  • 分类相关作品
  • 丛书相关作品
  • 出版社相关作品

书目信息

  • 表格格式
  • 工作单格式
  • 卡片格式
题名:
中国古代文房四宝
    
 
作者: 石雨祺 编著
分册:  
出版信息: 北京   中国商业出版社  2015
页数: 184页
开本: 23cm
丛书名: 中国传统风俗文化丛书
单 册:
中图分类: K875.44
科图分类:
主题词: 文化用品--wen hua yong pin--介绍--中国--古代
电子资源:
ISBN: 978-7-5044-8585-4
000 01088nam0 22002531 450
001 0120082125
005 20170320082125.0
010    @a978-7-5044-8585-4@dCNY25.00
100    @a20151012d2015 em y0chiy50 ea
101 0  @achi
102    @aCN@b110000
105    @aa z 000yy
106    @ar
200 1  @a中国古代文房四宝@9zhong guo gu dai wen fang si bao@f石雨祺编著
210    @a北京@c中国商业出版社@d2015
215    @a184页@c图@d23cm
225 2  @a中国传统风俗文化丛书@9zhong guo chuan tong feng su wen hua cong shu@i文化系列@f傅璇琮主编
330    @a本书分别介绍纸、墨、笔、砚四种文房主要用品的历史发展和生产技艺。除纸、墨、笔、砚外,我国古代其他文房用品还有很多,如笔筒、笔洗、笔搁、笔挂、笔掭、砚匣、砚床、砚山、砚滴、墨匣、墨床、镇纸和臂搁等等,制作技艺涉及玉石雕、竹木雕、陶瓷烧制等许多方面,书中也加以简单介绍。
461  0 @12001 @a中国传统风俗文化丛书@i文化系列@f傅璇琮主编
606 0  @a文化用品@9wen hua yong pin@x介绍@y中国@z古代
690    @aK875.44@v5
701  0 @a石雨祺@9shi yu qi@4编著
801  0 @aCN@bTANGWEI@c20170308
905    @b0956256-9@dK875.44@e326@f4
    
    中国古代文房四宝/石雨祺编著.-北京:中国商业出版社,2015
    184页:图;23cm.-(中国传统风俗文化丛书.文化系列/傅璇琮主编)
    
    
    ISBN 978-7-5044-8585-4:CNY25.00
    本书分别介绍纸、墨、笔、砚四种文房主要用品的历史发展和生产技艺。除纸、墨、笔、砚外,我国古代其他文房用品还有很多,如笔筒、笔洗、笔搁、笔挂、笔掭、砚匣、砚床、砚山、砚滴、墨匣、墨床、镇纸和臂搁等等,制作技艺涉及玉石雕、竹木雕、陶瓷烧制等许多方面,书中也加以简单介绍。
●
相关链接 在E读中查询图书 在五车中查询图书 在当当中查询图书 在豆瓣中查询图书


正题名:中国古代文房四宝     索取号:K875.44/326         预约/预借

序号 登录号 条形码 馆藏地/架位号 状态 备注
1 0956256   209562560   第二样本阅览室/ [索取号:K875.44/326] 在馆    
2 0956257   209562579   第二借阅区/ [索取号:K875.44/326] 在馆    
3 0956258   209562588   密集书库-文学院/ [索取号:K875.44/326] 在馆    
4 0956259   209562597   第二借阅区/ [索取号:K875.44/326] 在馆    
唐山师范学院图书馆 欢迎您!
大连网信软件有限公司© 版权所有